| 000 | 00787nam a22001695i 4500 | ||
|---|---|---|---|
| 001 | 171253 | ||
| 003 | ES-MaACL | ||
| 005 | 20251012063101.0 | ||
| 008 | 090506s1878 sp |||| | spa d | ||
| 100 | 1 |
_aGarcía Santisteban, Rafael, _d1829-1893 _9140041 |
|
| 245 | 1 | 0 |
_aQuiero ser pobre _b: comedia en tres actos y en verso original de / _cRafael García y Santisteban. |
| 260 |
_aMadrid : _b[s.n.], _c1878 ( _fImp. de José Rodríguez) |
||
| 300 |
_a77 p. ; _c18 cm. |
||
| 500 | _aEn port.: Estrenada en el teatro de la Comedia en el mes de febrero de 1878. | ||
| 852 |
_aES-MaACL _jF-8594(8) _z.- Enc. pasta española _q- Falto de la cub. original _z- Enc. en un vol. facticio formando parte de la col. facticia "Teatro español moderno", vol. 47 |
||
| 999 |
_c171253 _d171253 |
||